Ambuláns körséta álbetegként a reggeli csúcsban /

Elmentve itt :
Bibliográfiai részletek
Szerző: Kalocsai Katalin
Dokumentumtípus: Cikk
Megjelent: 1998-05-09
Sorozat:Délmagyarország 88 No. 108
Kulcsszavak:Szeged, Egészségügy betegellátás Szeged
Online Access:http://dmarchiv.bibl.u-szeged.hu/84337
LEADER 00514nab a2200157 i 4500
001 delm84337
005 20191021130948.0
008 191021s1998 hu o 0|| hun d
040 |a SZTE Délmagyarország Archívum  |b hun 
041 |a hun 
100 1 |a Kalocsai Katalin 
245 1 0 |a Ambuláns körséta   |h [elektronikus dokumentum] :  |b álbetegként a reggeli csúcsban /  |c  Kalocsai Katalin 
260 |c 1998-05-09 
300 |a 1, 5 
490 0 |a Délmagyarország  |v 88 No. 108 
695 |a Szeged, Egészségügy betegellátás Szeged